[Event "Challenge"]
[Site "http://www.queenalice.com/game.php?id=1390364"]
[Date "2015.10.22"]
[Round "-"]
[White "reycas"]
[Black "armin"]
[Result "1-0"]
[WhiteElo "2190"]
[BlackElo "2030"]

1. e4 c5 2. Nc3 Nc6 3. g3 Nf6 4. Bg2 g6 5. Nge2 Bg7 6. O-O e5 7. d3 O-O 8. f4 d6
9. h3 Nd4 10. g4 Nxg4 11. hxg4 Bxg4 12. Qd2 1-0

[Event "Challenge"]
[Site "http://www.queenalice.com/game.php?id=1390543"]
[Date "2015.10.23"]
[Round "-"]
[White "masam2014"]
[Black "armin"]
[Result "0-1"]
[WhiteElo "1481"]
[BlackElo "2026"]

1. d4 Nf6 2. c4 g6 3. Nf3 Bg7 4. e3 O-O 5. Be2 c6 6. O-O d5 7. Nc3 Nbd7 8. b3
Ne4 9. Bb2 f5 10. cxd5 cxd5 11. Nxd5 b6 12. Nc3 Ndc5 13. dxc5 Bxc3 14. Bxc3 Nxc3
15. Qxd8 Nxe2+ 16. Kh1 Rxd8 0-1

[Event "Challenge"]
[Site "http://www.queenalice.com/game.php?id=1390544"]
[Date "2015.10.23"]
[Round "-"]
[White "armin"]
[Black "masam2014"]
[Result "1-0"]
[WhiteElo "2024"]
[BlackElo "1524"]

1. d4 d5 2. c4 dxc4 3. Nf3 b5 4. a4 c6 5. axb5 cxb5 6. e4 e6 7. b3 Ba6 8. bxc4
bxc4 9. Rxa6 Nxa6 10. Qa4+ Qd7 11. Qxa6 1-0

[Event "Challenge"]
[Site "http://www.queenalice.com/game.php?id=1407906"]
[Date "2016.2.6"]
[Round "-"]
[White "Rommel"]
[Black "armin"]
[Result "0-1"]
[WhiteElo "1941"]
[BlackElo "1994"]

1. e4 c5 2. Nf3 d6 3. d4 cxd4 4. Nxd4 Nf6 5. Nc3 g6 6. Bc4 Bg7 7. O-O O-O 8. h3
Nc6 9. Nxc6 bxc6 10. Bf4 Rb8 11. Bb3 Nd7 12. Qd2 Nc5 13. Bc4 Rxb2 14. Rab1 Rxb1
15. Rxb1 Qa5 16. Nd5 Qd8 17. Nc3 Bxc3 18. Qxc3 Nxe4 19. Qe3 d5 20. Bb3 Qb6 21.
Qe1 Qd4 22. Rd1 Qf6 23. Bh6 Re8 24. f3 Nc5 25. Qe3 Nxb3 26. axb3 a5 27. Re1 Bf5
28. Bg5 Qe6 29. Qd2 Qd6 30. Bf4 e5 31. Bg3 Qc5+ 32. Kh2 Qxc2 33. Qh6 f6 34. f4
e4 35. Bh4 Rf8 36. Kh1 Qxb3 37. Kh2 e3 38. g4 Qb2+ 39. Kg1 Be4 0-1

[Event "Challenge"]
[Site "http://www.queenalice.com/game.php?id=1415930"]
[Date "2016.3.31"]
[Round "-"]
[White "armin"]
[Black "masam2014"]
[Result "1-0"]
[WhiteElo "2146"]
[BlackElo "1580"]

1. Nf3 g6 2. d4 Bg7 3. c4 d6 4. e4 Nf6 5. Nc3 O-O 6. Be2 c6 7. Bf4 Re8 8. Qd2
Nbd7 9. Bh6 Qb6 10. Bxg7 Kxg7 11. h4 Nf8 12. O-O-O Bd7 13. e5 dxe5 14. dxe5 Ng8
15. h5 Qxf2 16. Ng5 Qxg2 17. Rdg1 Qf2 18. Rf1 1-0

[Event "Challenge"]
[Site "http://www.queenalice.com/game.php?id=1419859"]
[Date "2016.4.25"]
[Round "-"]
[White "paulonov"]
[Black "armin"]
[Result "0-1"]
[WhiteElo "2097"]
[BlackElo "2085"]

1. e4 c5 2. Nf3 Nc6 3. Bc4 e6 4. O-O d5 5. exd5 exd5 6. Re1+ Be7 7. Bb5 Nf6 8.
Ne5 Qc7 9. c3 O-O 10. Nxc6 bxc6 11. Ba4 Ng4 12. g3 Ne5 13. d4 Bg4 14. Re2 cxd4
15. cxd4 Nf3+ 16. Kg2 Nxd4 17. Rxe7 Bxd1 18. Rxc7 Bxa4 19. Nc3 Nb5 20. Nxb5 Bxb5
21. a4 Bd3 22. Ra3 Bg6 23. Rxc6 d4 24. f3 Rfc8 25. Rxc8+ Rxc8 26. Bf4 Rc2+ 27.
Kh3 Rxb2 28. g4 f6 29. Kg3 Kf7 30. h4 Ke6 31. h5 Bc2 32. a5 a6 33. Bc1 Rb1 34.
Bd2 Kd5 35. Bf4 Kc4 36. Kf2 Bb3 37. Ke2 Kb4 38. Bd6+ Kc3 39. Bf8 d3+ 40. Ke3 d2
41. Bxg7 d1=Q 42. Bxf6+ Kc4 43. Ke4 Qd5+ 44. Kf4 Rf1 45. g5 Rxf3+ 0-1

[Event "Challenge"]
[Site "http://www.queenalice.com/game.php?id=1419860"]
[Date "2016.4.25"]
[Round "-"]
[White "paulonov"]
[Black "armin"]
[Result "0-1"]
[WhiteElo "2112"]
[BlackElo "2043"]

1. e4 e5 2. Nf3 Nf6 3. d4 Nxe4 4. dxe5 d5 5. h3 Bc5 6. Nd4 Nxf2 7. Kxf2 Qh4+ 8.
g3 Bxd4+ 9. Kg2 Qe4+ 10. Kh2 Bf5 11. Bd3 Qxe5 12. Re1 Be4 13. Bf4 Qf6 14. Bxe4
O-O 15. c3 dxe4 16. cxd4 Nc6 17. Rxe4 Rad8 18. Be3 Rfe8 19. Nc3 Rxe4 20. Nxe4
Qf5 21. Nc3 Nxd4 22. Bxd4 c5 23. Rc1 cxd4 24. Rc2 Rf8 25. Nb1 h5 26. Rd2 h4 27.
Na3 Re8 28. Qg1 d3 29. Qg2 Re3 30. Rf2 Qe5 31. Nc4 hxg3+ 32. Kh1 Re1+ 33. Rf1
Rxf1+ 34. Qxf1 Qd5+ 35. Qg2 Qxc4 36. Qxb7 d2 37. Qb8+ Kh7 38. Qd8 Qf1# 0-1

[Event "Challenge"]
[Site "http://www.queenalice.com/game.php?id=1420983"]
[Date "2016.5.2"]
[Round "-"]
[White "mvson33"]
[Black "armin"]
[Result "0-1"]
[WhiteElo "1990"]
[BlackElo "2026"]

1. Nf3 d5 2. d4 Nf6 3. Bf4 c5 4. e3 Bg4 5. Nbd2 Nc6 6. Be2 cxd4 7. exd4 e6 8.
O-O Bd6 9. Bxd6 Qxd6 10. c3 h5 11. Re1 O-O-O 12. Qa4 h4 13. h3 Bxf3 14. Nxf3 Ne4
15. Bd3 f5 16. Ne5 Kb8 17. Nf7 Qf4 18. Bxe4 fxe4 19. Nxh8 Rxh8 20. Re3 g5 21.
Rae1 Ne7 22. c4 Rf8 23. R3e2 Nc6 24. cxd5 exd5 25. Qd1 g4 26. Qb3 Nxd4 0-1

[Event "Challenge"]
[Site "http://www.queenalice.com/game.php?id=1420984"]
[Date "2016.5.2"]
[Round "-"]
[White "armin"]
[Black "mvson33"]
[Result "1-0"]
[WhiteElo "2010"]
[BlackElo "2017"]

1. e4 e6 2. d4 d5 3. Nc3 dxe4 4. Nxe4 Nd7 5. Nf3 Ngf6 6. Nxf6+ Nxf6 7. Bg5 Be7
8. Bd3 b6 9. Qe2 Bb7 10. O-O-O O-O 11. Ne5 h6 12. h4 Rc8 13. f3 c6 14. Bxf6 Bxf6
15. Qe4 Re8 16. Qh7+ Kf8 17. g4 Ke7 18. g5 hxg5 19. hxg5 Bxg5+ 20. Kb1 Bf6 21.
Qh5 Rf8 22. Rhe1 Qd5 23. Bc4 Qd6 24. Nxf7 Rxf7 25. Rxe6+ 1-0

[Event "Challenge"]
[Site "http://www.queenalice.com/game.php?id=1422783"]
[Date "2016.5.13"]
[Round "-"]
[White "AlekinePb"]
[Black "armin"]
[Result "0-1"]
[WhiteElo "1963"]
[BlackElo "2110"]

1. d4 Nf6 2. Nf3 d5 3. Bg5 Ne4 4. Bf4 c5 5. e3 Qb6 6. b3 cxd4 7. Qxd4 e6 8. Qxb6
axb6 9. Bb5+ Bd7 10. Bxd7+ Nxd7 11. O-O Rc8 12. Rc1 Be7 13. Nbd2 Bf6 14. c3 Nxc3
15. Kf1 Ke7 16. Rc2 Nb1 17. Rxc8 Nxd2+ 18. Nxd2 Rxc8 19. Rd1 Rc2 20. a3 Nc5 21.
b4 Nd3 22. Bg3 Nb2 23. Rb1 Rxd2 24. Ke1 Bc3 25. Kf1 Nc4 26. a4 Nd6 27. h4 Ne4
28. a5 Nxg3+ 29. fxg3 bxa5 30. bxa5 Rb2 31. Rc1 Bxa5 32. g4 Kd6 33. Kg1 Bd2 0-1

[Event "Challenge"]
[Site "http://www.queenalice.com/game.php?id=1422784"]
[Date "2016.5.13"]
[Round "-"]
[White "armin"]
[Black "AlekinePb"]
[Result "1-0"]
[WhiteElo "2131"]
[BlackElo "1986"]

1. e4 e6 2. Nf3 d5 3. Nc3 d4 4. Ne2 c5 5. c3 Nc6 6. cxd4 cxd4 7. Qa4 Bd7 8.
Nexd4 Nxd4 9. Qxd4 Bc6 10. d3 Qxd4 11. Nxd4 Rc8 12. Nxc6 Rxc6 13. a3 Nf6 14. d4
a6 15. Bd3 Be7 16. Ke2 O-O 17. Be3 Ng4 18. Bd2 Rfc8 19. f3 Nf6 20. Rac1 b5 21.
Rxc6 Rxc6 22. Rc1 Rxc1 23. Bxc1 Kf8 24. Bg5 Ke8 25. h4 Nd7 26. Bxe7 Kxe7 27. Kd2
Kd8 28. a4 bxa4 29. Bxa6 Kc7 30. Bb5 Nb6 31. Kc3 Kd6 32. Kb4 f5 33. Bxa4 h6 34.
h5 f4 35. Bb5 e5 36. dxe5+ Kxe5 37. Kc5 Nc8 38. b4 Ke6 39. Bc6 Ke7 40. b5 Kd8
41. b6 Nxb6 42. Kxb6 Ke7 43. Kc5 Ke6 44. Kd4 Kd6 45. Bd5 Ke7 46. e5 Kd7 47. Kc5
Ke7 48. e6 Kf6 49. Kd6 Kg5 50. e7 Kh4 51. e8=Q Kg3 52. Qg6+ Kf2 53. Qc2+ Kg3 54.
Ke5 Kh4 55. Qf2+ Kxh5 56. Kxf4 g5+ 57. Kf5 1-0

[Event "Challenge"]
[Site "http://www.queenalice.com/game.php?id=1423200"]
[Date "2016.5.15"]
[Round "-"]
[White "szachograjek"]
[Black "armin"]
[Result "0-1"]
[WhiteElo "2154"]
[BlackElo "2118"]

1. e4 d5 2. e5 c5 3. f4 Nc6 4. Nf3 Nh6 5. c3 Bf5 6. d3 e6 7. Be2 Be7 8. O-O f6
9. d4 Rc8 10. Be3 Ng4 11. Bf2 Nxf2 12. Rxf2 Qb6 13. Bd3 Bxd3 14. Qxd3 cxd4 15.
cxd4 Nxd4 16. Nc3 Nxf3+ 0-1

[Event "Challenge"]
[Site "http://www.queenalice.com/game.php?id=1423230"]
[Date "2016.5.16"]
[Round "-"]
[White "armandocosta"]
[Black "armin"]
[Result "0-1"]
[WhiteElo "1896"]
[BlackElo "2076"]

1. e4 d5 2. Nc3 d4 3. Nce2 c5 4. Ng3 Nc6 5. f4 Nf6 6. Nf3 h5 7. Bc4 h4 8. Ne2
Nxe4 9. d3 Nd6 10. O-O Nxc4 11. dxc4 Bf5 12. b3 Nb4 13. Qd2 Nxc2 14. Rb1 Ne3 15.
Nexd4 Nxf1 16. Qb2 Bxb1 17. Qxb1 cxd4 18. Bb2 Ne3 19. Qd3 e6 20. Bxd4 Nf5 21.
Qe4 Nxd4 22. Nxd4 Bc5 23. h3 Qxd4+ 24. Qxd4 Bxd4+ 25. Kh2 O-O-O 26. g3 Be5 27.
fxe5 Rd2+ 28. Kg1 Rhd8 29. gxh4 Rc2 0-1

[Event "Challenge"]
[Site "http://www.queenalice.com/game.php?id=1423232"]
[Date "2016.5.16"]
[Round "-"]
[White "AlekinePb"]
[Black "armin"]
[Result "0-1"]
[WhiteElo "2014"]
[BlackElo "2062"]

1. d4 d5 2. Nf3 Nf6 3. c4 dxc4 4. a4 e5 5. Nxe5 Bb4+ 6. Nc3 Ne4 7. Qc2 Qxd4 8.
Nf3 Bxc3+ 9. bxc3 Qxf2+ 10. Kd1 Bf5 0-1

[Event "Challenge"]
[Site "http://www.queenalice.com/game.php?id=1423233"]
[Date "2016.5.16"]
[Round "-"]
[White "armin"]
[Black "AlekinePb"]
[Result "1-0"]
[WhiteElo "2101"]
[BlackElo "1986"]

1. e4 e6 2. Nf3 d5 3. exd5 exd5 4. d4 Nf6 5. Nc3 Bb4 6. Bd3 O-O 7. Be3 Bxc3+ 8.
bxc3 Re8 9. c4 Ng4 10. cxd5 Nxe3 11. fxe3 Rxe3+ 12. Kf2 Qe7 13. Qd2 Rxf3+ 14.
Kxf3 Qd6 15. c4 c6 16. Rhe1 Bd7 17. Qf4 Qa3 18. Qe4 g6 19. Re3 Na6 20. dxc6 bxc6
21. Qe7 Qb2 22. Qxd7 Qxa1 23. Qxc6 Rd8 24. Qxa6 Rxd4 25. Qf6 Qd1+ 26. Be2 Rf4+
27. Kxf4 Qa4 28. Re7 1-0

[Event "Challenge"]
[Site "http://www.queenalice.com/game.php?id=1424918"]
[Date "2016.5.26"]
[Round "-"]
[White "armin"]
[Black "AlekinePb"]
[Result "1-0"]
[WhiteElo "2147"]
[BlackElo "1946"]

1. e4 e6 2. Nf3 d5 3. Nc3 d4 4. Ne2 c5 5. c3 Nc6 6. cxd4 cxd4 7. Qa4 Bd7 8.
Nexd4 Nxd4 9. Qxd4 Bc6 10. d3 Qxd4 11. Nxd4 Rc8 12. Nxc6 Rxc6 13. d4 a6 14. Bd3
Bb4+ 15. Bd2 Bxd2+ 16. Kxd2 Ne7 17. Rac1 O-O 18. Rxc6 Nxc6 19. d5 exd5 20. exd5
Ne5 21. Re1 Nd7 22. Kc3 Rd8 23. Kd4 Kf8 24. b4 f6 25. f4 Nb6 26. Bc4 Rc8 27. Bb3
Re8 28. Rxe8+ Kxe8 29. Kc5 Nc8 30. a4 Kd7 31. a5 Kc7 32. h4 Nd6 33. Bc2 h6 34.
Bd3 Nc8 35. h5 Nd6 36. g4 Nc8 37. Bf5 Nd6 38. Bg6 Nc8 39. Bd3 Nd6 40. b5 axb5
41. Bxb5 Nc8 42. Bd3 Nd6 43. Kd4 Nc8 44. Bf5 Nd6 45. Be6 Ne8 46. Ke4 Nd6+ 47.
Kf3 Nc4 48. Ke4 Nxa5 49. Kf5 Kd6 50. Kg6 Ke7 51. Kxg7 b5 52. Kxh6 Kf8 53. Kg6 b4
54. h6 b3 55. h7 1-0

[Event "Challenge"]
[Site "http://www.queenalice.com/game.php?id=1424919"]
[Date "2016.5.26"]
[Round "-"]
[White "AlekinePb"]
[Black "armin"]
[Result "0-1"]
[WhiteElo "1961"]
[BlackElo "2139"]

1. d4 d5 2. Nf3 Nf6 3. Bg5 Ne4 4. Bf4 c5 5. e3 Qb6 6. b3 cxd4 7. Qxd4 e6 8. Qxb6
axb6 9. Bb5+ Bd7 10. Bxd7+ Nxd7 11. c3 Rc8 12. O-O Nxc3 13. Nxc3 Rxc3 14. Rfc1
Rc6 15. Nd4 Rxc1+ 16. Rxc1 e5 17. Rc8+ Ke7 18. Nf5+ Ke6 19. Re8+ Kxf5 20. Bg3 g5
21. h4 h6 22. Rd8 Ke6 23. Re8+ Kd6 24. Rc8 Bg7 25. Rc2 Nc5 26. f3 Rd8 27. Kf2
Ke6 28. hxg5 hxg5 29. Ke2 f5 30. Be1 e4 31. Bb4 Nd3 32. Ba3 Bf8 33. Bxf8 Rxf8
34. Rc7 Rf7 35. Rc8 Rh7 36. fxe4 dxe4 37. Rg8 g4 38. Rg6+ Kd5 39. Rxb6 Rh2 40.
Kf1 Rh1+ 41. Ke2 Rg1 42. a4 Rxg2+ 43. Kf1 Rf2+ 44. Kg1 Re2 45. Rxb7 Rxe3 46. a5
Nc5 47. Rb5 Rxb3 0-1

[Event "Challenge"]
[Site "http://www.queenalice.com/game.php?id=1437760"]
[Date "2016.8.26"]
[Round "-"]
[White "armin"]
[Black "paulonov"]
[Result "0-1"]
[WhiteElo "2131"]
[BlackElo "2087"]

1. e4 d6 2. d4 Nf6 3. f3 g6 4. Be3 Nbd7 5. Qd2 Bg7 6. c4 O-O 7. Bh6 Re8 8. h4 e5
9. d5 Bh8 10. Nc3 b6 11. O-O-O a5 12. g4 Nc5 0-1

[Event "Challenge"]
[Site "http://www.queenalice.com/game.php?id=1450081"]
[Date "2016.11.13"]
[Round "-"]
[White "armin"]
[Black "Bzwugzwang"]
[Result "0-1"]
[WhiteElo "2118"]
[BlackElo "2144"]

1. e4 c5 2. d4 cxd4 3. Nf3 Nc6 4. c3 Nf6 5. e5 Nd5 6. Bc4 Nb6 7. Bb3 d5 8. O-O
Bg4 9. cxd4 Bxf3 10. gxf3 e6 11. Nc3 Qh4 12. Be3 f5 13. Nb5 Rc8 14. Kh1 a6 15.
Nc3 f4 16. Bc1 g6 17. Ne2 Bh6 18. Bd2 O-O 19. Rc1 Qh5 20. Rc3 Ne7 0-1